000 00539nam a2200193 a 4500
001 1773047388451
003 YourLibrary
005 20260309144519.0
008 260309s2005##################000#0#eng##
020 _a9781403943484
082 0 4 _a338.951
_bOKA
100 1 _aOkamoto, Nobuhiro,
_eauthor.
245 1 0 _aSpatial Structure and Regional Development in China :
260 _bPalgrave MacMillan,
_c2005.
300 _a256 pages
650 0 _aBusiness & Economics.
942 _cENGLISH
040 _aYourLibrary
_beng
_cYourLibrary
999 _c617287
_d617287